| 000 | 00845nam a2200217 a 4500 | ||
|---|---|---|---|
| 005 | 20210219160213.0 | ||
| 008 | 080925s1985 mx r 000 0 spa d | ||
| 035 | _aUPN01000160855 | ||
| 049 | _aUNE | ||
| 080 | _a378.001 (7/8) GAL No.9. | ||
| 100 | 1 | _aGallart, María Antonia | |
| 245 | 1 | 0 |
_aEstado actual del conocimiento sobre educación superior y empleo / _cMaría Antonia Gallart, Gustavo Pessagno. |
| 260 |
_aCaracas : _bCRESALC ; _aParís : _bUNESCO, _c1985. |
||
| 300 |
_a41 p. : _bil. |
||
| 500 | _aBibliografía: p. 26-35 | ||
| 690 | _aEnseñanza superior - Investigación educacional | ||
| 690 | _aAmérica Latina - Enseñanza superior - Investigación educacional | ||
| 700 | 1 |
_aPessagno, Gustavo , _ecoaut. |
|
| 710 | 2 |
_aCRESALC. _bCentro Regional para la Educación Superior en América Latina y el Caribe |
|
| 905 | _aUNESCO | ||
| 999 |
_c132968 _d132968 |
||